Jakie domowe urządzenie musi się rozgrzać, nim zacznie prawidłowo dzia - Statystyki

Ogólne statystyki
  • Ten quiz został rozwiązany 26 razy
  • Średni wynik to 3 z 6
Statystyki odpowiedzi
Odpowiedź % Poprawnych
Piekarnik
84%
Żelazko
72%
Toster
68%
Gofrownica
40%
Prostownica
40%
Frytkownica
20%
Nie znaleziono quizów pasujących do podanych kryteriów
Rozkład punktacji
Procent ludzi z każdym wynikiem
Percentyl według liczby udzielonych odpowiedzi
Twoja historia wyników
Nie rozwiązałeś tego quizu